SpongeBob and the Seven Deadly Sins Quiz Stats

 Plays Quiz Updated Oct 15, 2012

Challenge
Share
Tweet
Embed
Score 0/7 Timer 02:00
5 Plays Today
SpongeBob Character Deadly Sin % Correct
Eugene KrabsGreed/Avarice
93.2%
Patrick StarSloth/Laziness
75.1%
Sheldon PlanktonEnvy
69.3%
SpongeBob SquarePantsLust
65%
Sandy CheeksPride
61.3%
Squidward TentaclesWrath/Anger
61.1%
Gary the SnailGluttony
57.9%

You're not logged in!

Compare scores with friends on all Sporcle quizzes.
Join for Free
OR
Log In

You Might Also Like...

Show Comments

Extras

Top Quizzes Today


Score Distribution

Your Account Isn't Verified!

In order to create a playlist on Sporcle, you need to verify the email address you used during registration. Go to your Sporcle Settings to finish the process.

Report this User

Report this user for behavior that violates our Community Guidelines.

Details: